Les 50 Voitures les plus vendues en France entre 1945 et 2000 - Statistiques

Statistiques générales
  • Ce quiz a été pris 21 fois
  • Le résultat moyen est 14 sur 50
Statistiques - réponses
Rang Ventes Années Modèle % Correct
2 2 465 821 1972 / 1985 Renault 5
68%
4 2 158 569 1983 / 1999 Peugeot 205
63%
1 2 551 326 1961 / 1993 Renault 4
63%
3 2 380 121 1948 / 1990 Citroen 2CV
47%
16 960 388 1988 / 1997 Renault 19
47%
33 643 661 1983 / 1989 Renault 11
42%
11 1 090 988 1986 / 1994 Renault 21
42%
15 961 588 1956 / 1975 Citroen DS / ID
37%
24 856 835 1977 / 1989 Peugeot 305
37%
22 885 463 1960 / 1975 Peugeot 404
37%
23 858 655 1987 / 1996 Peugeot 405
37%
13 985 156 1969 / 1980 Renault 12
37%
44 518 838 1976 / 1983 Renault 14
37%
27 782 337 1968 / 1980 Renault 6
37%
34 637 336 1962 / 1973 Renault 8
37%
37 553 526 1981 / 1989 Renault 9
37%
14 979 908 1982 / 1994 Citroen BX
32%
10 1 099 343 1965 / 1976 Peugeot 204
32%
26 784 281 1993 / Peugeot 306
32%
18 920 415 1968 / 1983 Peugeot 504
32%
12 992 946 1965 / 1980 Renault 16
32%
20 912 698 1978 / 1986 Renault 18
32%
25 815 478 1991 / Peugeot 106
26%
28 723 643 1969 / 1980 Peugeot 304
26%
46 517 114 1955 / 1966 Peugeot 403
26%
47 513 472 1984 / 1992 Renault 25
26%
6 1 374 213 1990 / 1998 Renault Clio I
26%
48 513 136 1998 / Renault Clio II
26%
40 548 094 1961 / 1978 Simca 1000
26%
19 920 011 1967 / 1981 Simca 1100
26%
7 1 348 413 1961 / 1978 Citroen Ami 6 / Ami 8
21%
17 922 883 1986 / 1998 Citroen AX
21%
41 547 947 1974 / 1991 Citroen CX
21%
9 1 130 598 1972 / 1988 Peugeot 104
21%
29 721 550 1993 / Renault Twingo I
21%
8 1 157 040 1970 / 1985 Citroen GS / GSA
16%
36 588 999 1978 / 1988 Citroen Visa
16%
32 660 133 1985 / 1994 Peugeot 309
16%
43 521 056 1951 / 1964 Simca Aronde
16%
45 517 572 1991 / 1998 Citroen ZX
11%
38 552 960 1982 / 1993 Opel Corsa I
11%
31 710 650 1947 / 1961 Renault 4CV
11%
21 889 207 1956 / 1967 Renault Dauphine
11%
5 1 490 360 1984 / 1996 Renault Supercinq
11%
35 607 867 1963 / 1976 Simca 1300 / 1500
11%
49 505 985 1983 / 1995 Fiat Uno
5%
39 549 106 1976 / 1989 Ford Fiesta I
5%
30 718 674 1989 / Ford Fiesta II
5%
42 530 080 1994 / Renault Laguna I
5%
50 505 331 1984 / 1992 Volkswagen Golf II
5%
Aucun quiz correspondant
Distribution des résultats
% des personnes avec chaque résultat
Percentile par nombre de réponses
Votre historique - résultats
Vous n’avez pas pris ce quiz